<?xml version="1.0" encoding="UTF-8"?>
<record
    xmlns:xsi="http://www.w3.org/2001/XMLSchema-instance"
    xsi:schemaLocation="http://www.loc.gov/MARC21/slim http://www.loc.gov/standards/marcxml/schema/MARC21slim.xsd"
    xmlns="http://www.loc.gov/MARC21/slim">

  <leader>02257nam a22002777a 4500</leader>
  <controlfield tag="005">20240305165605.0</controlfield>
  <controlfield tag="007">cr||||   |||| </controlfield>
  <controlfield tag="008">210517s2020    co |||||s|||| 00||0 spa d</controlfield>
  <datafield tag="020" ind1=" " ind2=" ">
    <subfield code="a">978-958-792-193-9</subfield>
  </datafield>
  <datafield tag="035" ind1=" " ind2=" ">
    <subfield code="a">33451</subfield>
  </datafield>
  <datafield tag="040" ind1=" " ind2=" ">
    <subfield code="a">vLex</subfield>
  </datafield>
  <datafield tag="090" ind1=" " ind2=" ">
    <subfield code="c">11704</subfield>
    <subfield code="d">11704</subfield>
  </datafield>
  <datafield tag="100" ind1="1" ind2=" ">
    <subfield code="a">Cifuentes Olarte, Arnulfo</subfield>
  </datafield>
  <datafield tag="245" ind1="1" ind2="0">
    <subfield code="a">Sistema de Gesti&#xF3;n de la Seguridad y Salud en el Trabajo</subfield>
    <subfield code="h">[Recurso electr&#xF3;nico] /</subfield>
    <subfield code="c">Arnulfo Cifuentes Olarte, Olga Lorena Cifuentes Giraldo, Carlos Arturo Ceballos</subfield>
  </datafield>
  <datafield tag="256" ind1=" " ind2=" ">
    <subfield code="a">Servicio en l&#xED;nea</subfield>
  </datafield>
  <datafield tag="260" ind1=" " ind2=" ">
    <subfield code="a">Bogot&#xE1;:</subfield>
    <subfield code="b">Ediciones de la U,</subfield>
    <subfield code="c">2020</subfield>
  </datafield>
  <datafield tag="300" ind1=" " ind2=" ">
    <subfield code="a">1 recurso electr&#xF3;nico</subfield>
  </datafield>
  <datafield tag="500" ind1=" " ind2=" ">
    <subfield code="a">Lineamientos jur&#xED;dicos y t&#xE9;cnicos para el dise&#xF1;o e implementaci&#xF3;n del SGSST con los Est&#xE1;ndares M&#xED;nimos. Gu&#xED;as metodol&#xF3;gicas del MinTrabajo. El 1 de junio de 2017 comenz&#xF3; a regir para todas las empresas p&#xFA;blicas y privadas establecidas en el pa&#xED;s, definitivamente, despu&#xE9;s de varios plazos fijados desde el a&#xF1;o 2014, el Sistema de Gesti&#xF3;n de la Seguridad y la Salud en Trabajo-SGSST-, en reemplazo del Programa de Salud Ocupacional ?PSO-, de acuerdo con las definiciones del art&#xED;culo 1 de la Ley 1562 de 2012: ?Programa de Salud Ocupacional: en lo sucesivo se entender&#xE1; como el Sistema de Gesti&#xF3;n de la Seguridad y Salud en el Trabajo SG-SST. Este sistema consiste en el desarrollo de un proceso l&#xF3;gico y por etapas, basado en la mejora continua y que incluye la pol&#xED;tica, la organizaci&#xF3;n, la planificaci&#xF3;n, la aplicaci&#xF3;n, la evaluaci&#xF3;n, la auditor&#xED;a y las acciones de mejora con el objetivo de anticipar, reconocer, evaluar y controlar los riesgos que puedan afectar la seguridad y salud en el trabajo?.</subfield>
  </datafield>
  <datafield tag="506" ind1="1" ind2=" ">
    <subfield code="a">Disponible solo en los productos indicados</subfield>
    <subfield code="d">vLex Global</subfield>
    <subfield code="d">vLex Global (Academic Edition, excluding Law Schools)</subfield>
    <subfield code="d">vLex Global (U.S. Academic Edition, Law Schools)</subfield>
    <subfield code="d">vLex Global (U.S. Academic Edition, excluding Law Schools)</subfield>
    <subfield code="d">vLex Global (Academic Edition, Law Schools)</subfield>
  </datafield>
  <datafield tag="650" ind1="0" ind2="4">
    <subfield code="a">Seguridad y Salud Laboral</subfield>
    <subfield code="z">Colombia</subfield>
  </datafield>
  <datafield tag="700" ind1="1" ind2=" ">
    <subfield code="a">Cifuentes Giraldo, Olga Lorena</subfield>
  </datafield>
  <datafield tag="700" ind1="1" ind2=" ">
    <subfield code="a">Ceballos, Carlos Arturo</subfield>
  </datafield>
  <datafield tag="740" ind1="0" ind2=" ">
    <subfield code="a">vLex Libros (Servicio en l&#xED;nea)</subfield>
  </datafield>
  <datafield tag="856" ind1="4" ind2="0">
    <subfield code="u">https://vlex.com/source/sistema-de-gestion-de-la-seguridad-y-salud-en-el-trabajo-33451</subfield>
  </datafield>
  <datafield tag="942" ind1=" " ind2=" ">
    <subfield code="c">RAA</subfield>
  </datafield>
  <datafield tag="952" ind1=" " ind2=" ">
    <subfield code="0">0</subfield>
    <subfield code="1">0</subfield>
    <subfield code="4">0</subfield>
    <subfield code="7">0</subfield>
    <subfield code="8">VLEX</subfield>
    <subfield code="9">327894</subfield>
    <subfield code="a">BD-UIN</subfield>
    <subfield code="b">BD-UIN</subfield>
    <subfield code="d">2024-03-05</subfield>
    <subfield code="l">0</subfield>
    <subfield code="p">33451</subfield>
    <subfield code="r">2024-03-05</subfield>
    <subfield code="w">2024-03-05</subfield>
    <subfield code="y">RAA</subfield>
  </datafield>
  <datafield tag="999" ind1=" " ind2=" ">
    <subfield code="c">169940</subfield>
    <subfield code="d">169940</subfield>
  </datafield>
</record>
